FIFA Men's/Women's World Cup Winners - Statistics

General Stats
  • This quiz has been taken 76 times
  • The average score is 11 of 12
Answer Stats
Type Year Country % Correct
Men's 1978, 1986, 2022 Argentina
98%
Men's 1958, 1962, 1970, 1994, 2002 Brazil
98%
Men's 1998, 2018 France
98%
Women's, Men's 2003, 2007, 2014 Germany
98%
Women's 1991, 1999, 2015, 2019 United States
98%
Men's 1954, 1974, 1990 West Germany
98%
Men's 1934, 1938, 1982, 2006 Italy
97%
Men's, Women's 2010, 2023 Spain
97%
Men's 1930, 1950 Uruguay
95%
Men's 1966 England
94%
Women's 1995 Norway
71%
Women's 2011 Japan
70%
No matching quizzes found
Score Distribution
Percent of People with Each Score
Percentile by Number Answered
Your Score History
You have not taken this quiz